000 00393nam a22001457a 4500
005 20260325112746.0
008 260325b |||||||| |||| 00| 0 eng d
020 _a978-81-224-2726-4
100 _aPillai O.S
245 _aSolid State Physics
_c/S. O. Pillai
250 _a6th ed
260 _aNew Delhi;
_bNew Age International Ltd;
_c2010
300 _aXVI, 832p.ill;
_c24cm
942 _2ddc
_cBK
_n0
999 _c194
_d194